000
00303nam a2200109Ia 4500
008
200302s9999 xx 000 0 und d
100
_a
Nirmala Rao
245
_a
Reshaping city governance London, Mumbai, Kolkata, Hyderabad
260
_b
Routledge Taylor and Francis Group
260
_c
2015
300
_a
233
999
_c
5949
_d
5949